Datum a čas kvízu
18.5
Celkem bodů
Celkový počet nahraných bodů na tomto kvízu bez doplňovacích otázek.
4.
Pořadí na kvízu
Konečné umístění týmu na tomto kvízu.
Zaznamenané odpovědi
| # | Otázka | Odpověď | Body | Výsledky |
|---|---|---|---|---|
| 1. | O tom, že Tomáš Tuhý míří do B... | 0 | ||
| 2. | Policie doporučila obvinit pre... | 0 | ||
| 3. | Nehmotné dědictví UNESCO bylo... | 1 | ||
| 4. | Americký provozovatel celosvět... | 0 | ||
| 5. | V neděli odstartovala štafetov... | 1 | ||
| 6. | Čertů se v kultuře, zeměpisnýc... | 0 | ||
| 7. | Napište název pohádky z roku 2... | 1 | ||
| 8. | Tenkrát bylo veselo a dost mál... | 1 | ||
| 9. | Jak se jmenuje osada, nacházej... | 0 | ||
| 10. | "U nás ochutnat znamená ___!"... | 0 |